[Event "Kstovo op"]
[Site "Kstovo"]
[Date "2010.09.05"]
[Round "2"]
[White "Kim, Nikita"]
[Black "Volkov, Ilya"]
[Result "0-1"]
[WhiteElo "2235"]
[BlackElo "2140"]
[PlyCount "36"]
[EventDate "2010.09.04"]
[EventType "swiss"]
[EventRounds "9"]
[EventCountry "RUS"]
[SourceTitle "EXT 2014"]
[Source "ChessBase"]
[SourceDate "2013.11.20"]
[SourceVersion "1"]
[SourceVersionDate "2013.11.20"]
[SourceQuality "1"]

1. d4 Nf6 2. c4 c5 3. d5 b5 4. cxb5 a6 5. b6 d6 6. Nc3 Nbd7 7. e4 g6 8. Nf3 Bg7 9. Be2 0-0 10. 0-0 Nxb6 11. Bg5 Bg4 12. h3 Bxf3 13. Bxf3 Nfd7 14. Qd2 Re8 15. Be2 Qc7 16. Rfe1 Rab8 17. Bh6 Bh8 18. Kh1 Na8 0-1

[Event "Nizhnij Novgorod Hope Cup"]
[Site "Nizhnij Novgorod"]
[Date "2010.08.16"]
[Round "6"]
[White "Kim, Nikita"]
[Black "Goltsev, Sergey"]
[Result "0-1"]
[WhiteElo "2235"]
[BlackElo "1800"]
[PlyCount "59"]
[EventDate "2010.08.10"]
[EventType "swiss"]
[EventRounds "7"]
[EventCountry "RUS"]
[SourceTitle "CBM 138 Extra"]
[Source "ChessBase"]
[SourceDate "2010.10.29"]
[SourceVersion "1"]
[SourceVersionDate "2010.10.29"]
[SourceQuality "1"]

1. d4 c6 2. c4 Nf6 3. Nc3 d6 4. Nf3 Bg4 5. e4 Nbd7 6. h3 Bh5 7. Be2 e5 8. 0-0 Be7 9. Be3 0-0 10. Qd2 Qc7 11. Rac1 Rfe8 12. d5 Bf8 13. Nh4 Bxe2 14. Qxe2 g6 15. g4 Qd8 16. g5 Nh5 17. Qg4 Ng7 18. f4 exf4 19. Qxf4 Ne5 20. Rcd1 Nh5 21. Qf2 c5 22. b3 Be7 23. Nf3 Bf8 24. Nxe5 Rxe5 25. Qxf7+ Kh8 26. Rf2 Bg7 27. Qf3 Qd7 28. h4 Rae8 29. Rdf1 R5e7 30. Bd2 0-1

[Event "Nizhnij Novgorod Hope Cup"]
[Site "Nizhnij Novgorod"]
[Date "2010.08.13"]
[Round "4"]
[White "Kim, Nikita"]
[Black "Varseev, Dmitry"]
[Result "1-0"]
[WhiteElo "2235"]
[BlackElo "1725"]
[PlyCount "97"]
[EventDate "2010.08.10"]
[EventType "swiss"]
[EventRounds "7"]
[EventCountry "RUS"]
[SourceTitle "CBM 138 Extra"]
[Source "ChessBase"]
[SourceDate "2010.10.29"]
[SourceVersion "1"]
[SourceVersionDate "2010.10.29"]
[SourceQuality "1"]

1. d4 d5 2. c4 e6 3. Nc3 Nf6 4. Bg5 Be7 5. e3 h6 6. Bh4 b6 7. Nf3 Bb7 8. Bd3 Nbd7 9. 0-0 0-0 10. Re1 c5 11. cxd5 Nxd5 12. Bxe7 Qxe7 13. Nxd5 Bxd5 14. e4 Bb7 15. e5 Rad8 16. Be4 Nb8 17. Bxb7 Qxb7 18. Re2 Rd7 19. Rd2 Rfd8 20. Rc1 cxd4 21. Rc4 Qe4 22. Re2 Qb7 23. Rd2 d3 24. Rc3 Qe4 25. Ne1 Qxe5 26. Rcxd3 Rxd3 27. Rxd3 Rxd3 28. Nxd3 Qd5 29. Qc2 Nc6 30. Qb3 Qe4 31. Qd1 Nd4 32. Qd2 e5 33. Qe3 Qg6 34. h3 f6 35. f4 Nc2 36. Qd2 e4 37. Ne1 Nxe1 38. Qxe1 f5 39. Qd2 Qc6 40. Qd8+ Kh7 41. Qd2 Qc5+ 42. Kh2 a5 43. Qe2 Qd4 44. Qh5 g6 45. Qe2 Qd3 46. Qf2 e3 47. Qf3 Qe4 48. Qxe4 fxe4 49. Kg1 1-0

[Event "Nizhnij Novgorod Voroniatov Memorial 7t"]
[Site "Nizhnij Novgorod"]
[Date "2010.05.09"]
[Round "8"]
[White "Pashkin, Viktor"]
[Black "Kim, Nikita"]
[Result "0-1"]
[WhiteElo "1844"]
[BlackElo "2235"]
[PlyCount "40"]
[EventDate "2010.05.02"]
[EventType "swiss"]
[EventRounds "8"]
[EventCountry "RUS"]
[SourceTitle "CBM 136 Extra"]
[Source "ChessBase"]
[SourceDate "2010.07.02"]
[SourceVersion "2"]
[SourceVersionDate "2010.07.15"]
[SourceQuality "1"]

1. f4 d5 2. Nf3 Nf6 3. b3 g6 4. Bb2 Bg7 5. e3 0-0 6. Be2 c5 7. 0-0 Nc6 8. a3 Re8 9. Bb5 Bg4 10. h3 Bxf3 11. Qxf3 a6 12. Bd3 b5 13. g4 e5 14. fxe5 Nxe5 15. Bxe5 Rxe5 16. Nc3 Ra7 17. Rad1 c4 18. Be2 Rd7 19. Qf4 Qe7 20. d4 Rxe3 0-1

[Event "Nizhnij Novgorod Voroniatov Memorial 7t"]
[Site "Nizhnij Novgorod"]
[Date "2010.05.05"]
[Round "4"]
[White "Demidov, Danil"]
[Black "Kim, Nikita"]
[Result "1/2-1/2"]
[WhiteElo "2104"]
[BlackElo "2235"]
[PlyCount "38"]
[EventDate "2010.05.02"]
[EventType "swiss"]
[EventRounds "8"]
[EventCountry "RUS"]
[SourceTitle "CBM 136 Extra"]
[Source "ChessBase"]
[SourceDate "2010.07.02"]
[SourceVersion "2"]
[SourceVersionDate "2010.07.15"]
[SourceQuality "1"]

1. e4 e6 2. d4 d5 3. Nc3 Bb4 4. e5 c5 5. a3 Ba5 6. b4 cxd4 7. Nb5 Bc7 8. Nf3 Nc6 9. Bf4 Nge7 10. Bd3 Ng6 11. Bxg6 fxg6 12. 0-0 0-0 13. Bg3 a6 14. Nxc7 Qxc7 15. Nxd4 Nxd4 16. Qxd4 Bd7 17. Rac1 Bb5 18. Rfe1 Qc4 19. Qxc4 Bxc4 1/2-1/2

[Event "Nizhnij Novgorod Voroniatov Memorial 7t"]
[Site "Nizhnij Novgorod"]
[Date "2010.05.02"]
[Round "1"]
[White "Kim, Nikita"]
[Black "Pristalov, Evgeny"]
[Result "0-1"]
[WhiteElo "2235"]
[BlackElo "1989"]
[PlyCount "34"]
[EventDate "2010.05.02"]
[EventType "swiss"]
[EventRounds "8"]
[EventCountry "RUS"]
[SourceTitle "CBM 136 Extra"]
[Source "ChessBase"]
[SourceDate "2010.07.02"]
[SourceVersion "2"]
[SourceVersionDate "2010.07.15"]
[SourceQuality "1"]

1. d4 Nf6 2. c4 g6 3. Nc3 d5 4. cxd5 Nxd5 5. e4 Nxc3 6. bxc3 Bg7 7. Bc4 c5 8. Ne2 0-0 9. 0-0 Nc6 10. Be3 Bg4 11. f3 cxd4 12. cxd4 Na5 13. Bd3 Be6 14. d5 Bxa1 15. Qxa1 f6 16. Bh6 Re8 17. Kh1 Bd7 0-1

[Event "Nizhnij Novgorod op"]
[Site "Nizhnij Novgorod"]
[Date "2010.??.??"]
[Round "?"]
[White "Kim, Nikita"]
[Black "Sobiev, Dmitry M"]
[Result "1/2-1/2"]
[WhiteElo "2235"]
[BlackElo "1758"]
[PlyCount "85"]
[EventDate "2010.10.02"]
[EventType "swiss"]
[EventRounds "9"]
[EventCountry "RUS"]
[SourceTitle "EXT 2011"]
[Source "ChessBase"]
[SourceDate "2010.11.26"]
[SourceVersion "1"]
[SourceVersionDate "2010.11.26"]
[SourceQuality "1"]

1. d4 e6 2. c4 b6 3. Nc3 Bb7 4. e4 Bb4 5. Qc2 Nf6 6. Bd3 Nc6 7. Nf3 Qe7 8. 0-0 Bxc3 9. bxc3 e5 10. d5 Na5 11. a4 d6 12. Ba3 Nd7 13. Bb4 Ba6 14. Bxa5 bxa5 15. Rab1 Nc5 16. Be2 0-0 17. Nd2 g6 18. Nb3 Nxb3 19. Rxb3 f5 20. h3 f4 21. Qd3 Qh4 22. Bg4 Bc8 23. Bxc8 Raxc8 24. f3 h5 25. Qe2 Qe7 26. Rb5 Ra8 27. Qf2 g5 28. c5 a6 29. cxd6 cxd6 30. Rb6 Rfc8 31. Rb3 Rc5 32. Rfb1 Rac8 33. Rb7 R8c7 34. R7b6 Rxc3 35. Rxa6 Rc1+ 36. Rxc1 Rxc1+ 37. Kh2 g4 38. fxg4 hxg4 39. Ra8+ Kg7 40. hxg4 Kg6 41. Rg8+ Kh7 42. Ra8 Kg6 43. Rg8+ 1/2-1/2

[Event "Nizhnij Novgorod op"]
[Site "Nizhnij Novgorod"]
[Date "2010.??.??"]
[Round "?"]
[White "Yezerskaja, Anastasija"]
[Black "Kim, Nikita"]
[Result "1/2-1/2"]
[WhiteElo "1482"]
[BlackElo "2235"]
[PlyCount "52"]
[EventDate "2010.10.02"]
[EventType "swiss"]
[EventRounds "9"]
[EventCountry "RUS"]
[SourceTitle "EXT 2011"]
[Source "ChessBase"]
[SourceDate "2010.11.26"]
[SourceVersion "1"]
[SourceVersionDate "2010.11.26"]
[SourceQuality "1"]

1. e4 e6 2. d4 d5 3. Nc3 Bb4 4. e5 c5 5. a3 Ba5 6. Be3 cxd4 7. Bxd4 Nc6 8. Bb5 Nge7 9. b4 Bc7 10. f4 0-0 11. Bf2 a6 12. Bd3 d4 13. Ne4 Nd5 14. Ne2 Nde7 15. N2g3 Ng6 16. Qh5 Qh4 17. Qxh4 Nxh4 18. 0-0 Ng6 19. Ne2 Rd8 20. Rad1 Bb6 21. Nd6 Bc7 22. Nxc8 Raxc8 23. Bxg6 hxg6 24. Nxd4 Nxd4 25. Bxd4 Rxd4 26. Rxd4 Bb6 1/2-1/2